000 01117naa a22003137a 4500
001 BR9207811
003 BR-BrBNA
005 20240918180805.0
007 ta
008 230509b bl.||||| |||| 00| 0 por d
040 _aBR-BrBNA
_bpor
_cBiblioteca Nacional de Agricultura
041 _a(Pt)
072 _aH20
_b1000
090 _aH20 BR9207811
100 1 _aGuirado, N.
100 1 _aMuller, G.W.
100 1 _aPrates, H.S.
245 1 _aDeclinio dos citros
246 1 _a[Citrus blight!
246 1 _a[Brazilian citriculture!
250 1 _a2. ed.
260 3 _aCampinas, SP (Brasil):
_c1991.
500 _aRodriguez, O.; Viegas, F.; Pompeu Junior, J.; Amaro, A.A. (eds.) Citricultura brasileira 2. ed. Campinas, SP (Brasil): 1991. v. 2 p. 722-734 (BR9207811-AM)H20
650 _aFRUTA CITRICA
650 _aDECLINIO DOS CITRUS
773 0 _tCitricultura brasileira
_aRodriguez, O.; Viegas, F.; Pompeu Junior, J.; Amaro, A.A. - Fundacao Cargill, Campinas, SP (Brasil)
_b2. ed.
_w1000 BR9207802
_gCampinas, SP (Brasil), 1991.
_q2 v.
909 _a202404
_bLucia
_c55
_dLucia Elande
942 _cAM
_2AGRIS
999 _c322028
_d322028